[Event "14. Obert Int. Sant Marti 2012"]
[Site "Barcelona ESP"]
[Date "2012.07.13"]
[Round "1.23"]
[White "Lorenzo De La Riva, Lazaro"]
[Black "Vazquez Gamero, Miguel"]
[Result "1-0"]
[WhiteElo "2422"]
[BlackElo "2088"]
[PlyCount "59"]
[EventDate "2012.07.13"]
[EventType "swiss"]
[EventRounds "9"]
[EventCountry "ESP"]
[SourceTitle "Ajedrez en Madrid"]
[Source "lmi"]
[SourceDate "2012.07.13"]
[SourceVersion "1"]
[SourceVersionDate "2019.06.21"]
[SourceQuality "1"]

1. e4 d5 2. exd5 Nf6 3. d4 Qxd5 4. Nf3 Bg4 5. Be2 Nc6 6. c4 Qd7 7. Be3 O-O-O 8.
Nbd2 e6 9. a3 g5 10. Bxg5 Bxf3 11. Nxf3 Bg7 12. Qa4 Kb8 13. Qb3 Nxd4 14. Nxd4
Qxd4 15. Be3 Qe5 16. Bf3 Ne4 17. O-O f5 18. Rfe1 Qxb2 19. Qa4 Qxa1 20. Rxa1
Bxa1 21. Qxa7+ Kc8 22. g3 Rd6 23. Bxe4 fxe4 24. Qa8+ Kd7 25. Qxb7 h5 26. Qxe4
h4 27. g4 h3 28. Kf1 e5 29. c5 Rf6 30. Qd5+ 1-0

[Event "14. Obert Int. Sant Marti 2012"]
[Site "Barcelona ESP"]
[Date "2012.07.13"]
[Round "1.24"]
[White "Garcia Castellote, Oscar"]
[Black "Laxman, R R.."]
[Result "0-1"]
[WhiteElo "2088"]
[BlackElo "2422"]
[PlyCount "62"]
[EventDate "2012.07.13"]
[EventType "swiss"]
[EventRounds "9"]
[EventCountry "ESP"]
[SourceTitle "Ajedrez en Madrid"]
[Source "lmi"]
[SourceDate "2012.07.13"]
[SourceVersion "1"]
[SourceVersionDate "2019.06.21"]
[SourceQuality "1"]

1. e4 e5 2. Nf3 Nc6 3. Bb5 a6 4. Ba4 Nf6 5. d4 exd4 6. O-O Be7 7. Re1 O-O 8. e5
Nd5 9. Nxd4 Nb6 10. Bb3 Nxd4 11. Qxd4 d5 12. exd6 Bxd6 13. Bf4 Bxf4 14. Qxf4
Be6 15. Bxe6 fxe6 16. Qg4 Nd5 17. Nd2 Nf4 18. Rad1 h5 19. Qg3 Qd5 20. c4 Qd4
21. b3 Rad8 22. Qe3 Qxe3 23. fxe3 Nd3 24. Rf1 Nc5 25. Nf3 Ne4 26. Rd4 Nc3 27.
Rf2 c5 28. Rxd8 Rxd8 29. a4 Ne4 30. Re2 Rd3 31. Ne5 Rd1+ 0-1

[Event "14. Obert Int. Sant Marti 2012"]
[Site "Barcelona ESP"]
[Date "2012.07.13"]
[Round "1.25"]
[White "Cruz, Jonathan"]
[Black "Kopaloff, Nick"]
[Result "1-0"]
[WhiteElo "2418"]
[BlackElo "2075"]
[PlyCount "57"]
[EventDate "2012.07.13"]
[EventType "swiss"]
[EventRounds "9"]
[EventCountry "ESP"]
[SourceTitle "Ajedrez en Madrid"]
[Source "lmi"]
[SourceDate "2012.07.13"]
[SourceVersion "1"]
[SourceVersionDate "2019.06.21"]
[SourceQuality "1"]

1. d4 Nf6 2. c4 e5 3. dxe5 Ng4 4. Nf3 Bc5 5. e3 Nc6 6. Be2 Ngxe5 7. Nd4 O-O 8.
O-O Re8 9. Nc3 d6 10. Nd5 Ne7 11. Nf4 N7g6 12. Nh5 Qh4 13. Ng3 Bg4 14. f3 Bd7
15. Kh1 Bxd4 16. exd4 Nc6 17. f4 f5 18. d5 Nd8 19. Bd3 Rf8 20. Bd2 Ne7 21. Bc3
g6 22. Bc2 c5 23. dxc6 Ndxc6 24. Qxd6 Rad8 25. Rae1 Be8 26. Qc5 Bf7 27. b3 Rfe8
28. Qf2 h6 29. Ne4 1-0

[Event "14. Obert Int. Sant Marti 2012"]
[Site "Barcelona ESP"]
[Date "2012.07.13"]
[Round "1.26"]
[White "Layola Barrionuevo, Javier"]
[Black "Pogorelov, Ruslan"]
[Result "0-1"]
[WhiteElo "2061"]
[BlackElo "2417"]
[PlyCount "72"]
[EventDate "2012.07.13"]
[EventType "swiss"]
[EventRounds "9"]
[EventCountry "ESP"]
[SourceTitle "Ajedrez en Madrid"]
[Source "lmi"]
[SourceDate "2012.07.13"]
[SourceVersion "1"]
[SourceVersionDate "2019.06.21"]
[SourceQuality "1"]

1. e4 c5 2. Nf3 Nc6 3. Bc4 e6 4. Nc3 a6 5. a4 Nf6 6. d3 d5 7. Bb3 Be7 8. Bf4
O-O 9. h3 c4 10. dxc4 d4 11. Ne2 e5 12. Bh2 Nxe4 13. O-O f6 14. Re1 Nc5 15. Ba2
d3 16. Nc3 dxc2 17. Qxc2 Nb4 18. Qb1 Nxa2 19. Qxa2 Be6 20. Nd5 Bxd5 21. Red1
Qb6 22. Rxd5 Kh8 23. Qa3 Rfe8 24. b4 Ne6 25. c5 Qc6 26. Qb3 Nc7 27. Rd2 a5 28.
Rad1 axb4 29. Qf7 Qe6 30. Qh5 Red8 31. Rxd8+ Rxd8 32. Rxd8+ Bxd8 33. Nh4 b3 34.
Qd1 Qd5 35. Qb1 Qxc5 36. Bg3 Qc2 0-1

[Event "14. Obert Int. Sant Marti 2012"]
[Site "Barcelona ESP"]
[Date "2012.07.13"]
[Round "1.27"]
[White "Gonzalez Rodriguez, Jorge A"]
[Black "Chakravarthi, Y V K.."]
[Result "1-0"]
[WhiteElo "2410"]
[BlackElo "2053"]
[PlyCount "81"]
[EventDate "2012.07.13"]
[EventType "swiss"]
[EventRounds "9"]
[EventCountry "ESP"]
[SourceTitle "Ajedrez en Madrid"]
[Source "lmi"]
[SourceDate "2012.07.13"]
[SourceVersion "1"]
[SourceVersionDate "2019.06.21"]
[SourceQuality "1"]

1. b3 d5 2. e3 c6 3. Bb2 a6 4. f4 Nf6 5. Nf3 g6 6. g3 Bg4 7. h3 Bxf3 8. Qxf3
Bg7 9. d4 Ne4 10. Bd3 Qa5+ 11. c3 Nd6 12. Nd2 Nd7 13. a4 Qc7 14. a5 e6 15. b4
O-O-O 16. c4 f5 17. b5 Ne4 18. bxa6 Nxd2 19. Kxd2 bxa6 20. cxd5 exd5 21. Bxa6+
Kb8 22. Rhb1 Ka7 23. Bf1 Rb8 24. Bc3 Nf6 25. Bd3 c5 26. Rb6 c4 27. Bc2 Rb7 28.
g4 Ne4+ 29. Bxe4 fxe4 30. Qd1 Qd7 31. Qb1 Rhb8 32. Bb4 Bf8 33. Bxf8 Rxf8 34.
Qb4 Rf6 35. Qc5 Rbxb6 36. axb6+ Kb8 37. Ra7 Qc6 38. Ra5 Qxc5 39. dxc5 h6 40.
Kc3 g5 41. f5 1-0

[Event "14. Obert Int. Sant Marti 2012"]
[Site "Barcelona ESP"]
[Date "2012.07.13"]
[Round "1.28"]
[White "Molinero Martin, Joan"]
[Black "Cruz, Filemon"]
[Result "1/2-1/2"]
[WhiteElo "2046"]
[BlackElo "2404"]
[PlyCount "49"]
[EventDate "2012.07.13"]
[EventType "swiss"]
[EventRounds "9"]
[EventCountry "ESP"]
[SourceTitle "Ajedrez en Madrid"]
[Source "lmi"]
[SourceDate "2012.07.13"]
[SourceVersion "1"]
[SourceVersionDate "2019.06.21"]
[SourceQuality "1"]

1. e4 c5 2. Nf3 e6 3. d4 cxd4 4. Nxd4 a6 5. c4 Nf6 6. Nc3 Qc7 7. Be3 Bb4 8. Bd3
Nc6 9. Nxc6 Qxc6 10. Qc2 Ng4 11. Bf4 Bd6 12. Bxd6 Qxd6 13. Be2 Ne5 14. O-O O-O
15. Rad1 Qc7 16. b3 b5 17. f4 Ng6 18. Qd2 bxc4 19. Bxc4 f5 20. e5 Rf7 21. Qd6
Qa7+ 22. Qd4 Qc7 23. Qd6 Qa7+ 24. Qd4 Qc7 25. Qd6 1/2-1/2

[Event "14. Obert Int. Sant Marti 2012"]
[Site "Barcelona ESP"]
[Date "2012.07.13"]
[Round "1.29"]
[White "Perpinya Rofes, Lluis Maria"]
[Black "Tarrago Domingo, Miguel"]
[Result "1/2-1/2"]
[WhiteElo "2401"]
[BlackElo "2046"]
[PlyCount "98"]
[EventDate "2012.07.13"]
[EventType "swiss"]
[EventRounds "9"]
[EventCountry "ESP"]
[SourceTitle "Ajedrez en Madrid"]
[Source "lmi"]
[SourceDate "2012.07.13"]
[SourceVersion "1"]
[SourceVersionDate "2019.06.21"]
[SourceQuality "1"]

1. e4 c6 2. d4 d5 3. Nc3 dxe4 4. Nxe4 Nf6 5. Nxf6+ exf6 6. c3 g6 7. Bc4 Bg7 8.
Qe2+ Qe7 9. Qxe7+ Kxe7 10. Nf3 Be6 11. Be2 Re8 12. O-O Kf8 13. Be3 Nd7 14. c4
Nb6 15. b3 Rad8 16. Rfd1 Kg8 17. Rd2 Bf8 18. a3 Kg7 19. Ne1 f5 20. Bf3 Be7 21.
Nc2 f6 22. Rad1 Bf7 23. d5 cxd5 24. c5 f4 25. Bd4 Nd7 26. b4 a5 27. Bc3 axb4
28. axb4 Ne5 29. Bxd5 Bxd5 30. Rxd5 Kf7 31. Kf1 Ke6 32. R5d4 g5 33. Ra1 Nc6 34.
Re4+ Kf5 35. Rae1 Rd3 36. Ba1 Rd2 37. Nd4+ Nxd4 38. Bxd4 Rd8 39. Bc3 Rc2 40.
Rxe7 Rxc3 41. Rxb7 Rd2 42. Kg1 Rcc2 43. Rf1 h5 44. Rb6 g4 45. g3 h4 46. gxh4
Rb2 47. c6 Rdc2 48. b5 g3 49. hxg3 Kg4 1/2-1/2

[Event "14. Obert Int. Sant Marti 2012"]
[Site "Barcelona ESP"]
[Date "2012.07.13"]
[Round "1.30"]
[White "Ezquerro Luque, Albert"]
[Black "Mosquera, Miguel"]
[Result "0-1"]
[WhiteElo "2041"]
[BlackElo "2395"]
[PlyCount "90"]
[EventDate "2012.07.13"]
[EventType "swiss"]
[EventRounds "9"]
[EventCountry "ESP"]
[SourceTitle "Ajedrez en Madrid"]
[Source "lmi"]
[SourceDate "2012.07.13"]
[SourceVersion "1"]
[SourceVersionDate "2019.06.21"]
[SourceQuality "1"]

1. e4 Nf6 2. Nc3 e5 3. g3 d5 4. d3 Bb4 5. Bd2 Nc6 6. Bg2 Bg4 7. f3 Be6 8. Nh3
dxe4 9. Nxe4 Nxe4 10. fxe4 Be7 11. Be3 h5 12. Nf2 Qd6 13. c3 a5 14. h3 a4 15.
O-O b5 16. a3 Rd8 17. Qf3 Na5 18. d4 Nc4 19. d5 Bc8 20. Nd3 Qg6 21. Rad1 O-O
22. Bc1 f5 23. Kh2 h4 24. gxh4 Bxh4 25. Nc5 fxe4 26. Qxe4 Bg3+ 27. Kh1 Qh5 28.
Qd3 Bxh3 29. Qxg3 Bg4+ 30. Kg1 Bxd1 31. Re1 Bg4 32. Re4 Rxd5 33. Nd3 Rxd3 34.
Qxd3 Bf3 35. Bxf3 Qxf3 36. Qd5+ Qf7 37. Qxf7+ Kxf7 38. Kf2 Ke6+ 39. Ke2 Rh8 40.
Rg4 Rh2+ 41. Kd3 Kd5 42. Rg5 c5 43. Bf4 Nxb2+ 44. Ke3 Nc4+ 45. Kf3 Rc2 0-1

[Event "14. Obert Int. Sant Marti 2012"]
[Site "Barcelona ESP"]
[Date "2012.07.13"]
[Round "1.31"]
[White "Palit, Somak"]
[Black "Garcia Mosquera, David"]
[Result "1-0"]
[WhiteElo "2393"]
[BlackElo "2033"]
[PlyCount "73"]
[EventDate "2012.07.13"]
[EventType "swiss"]
[EventRounds "9"]
[EventCountry "ESP"]
[SourceTitle "Ajedrez en Madrid"]
[Source "lmi"]
[SourceDate "2012.07.13"]
[SourceVersion "1"]
[SourceVersionDate "2019.06.21"]
[SourceQuality "1"]

1. e4 e5 2. Nf3 d6 3. Bc4 f5 4. d3 Nf6 5. Nc3 c6 6. O-O fxe4 7. dxe4 Bg4 8.
Bf7+ Ke7 9. Bb3 Nbd7 10. Be3 Qe8 11. Qd3 Bxf3 12. gxf3 Qh5 13. Kg2 g5 14. Ne2
Ne8 15. Qd2 h6 16. Qb4 b6 17. Qc4 Qg6 18. Qxc6 Rd8 19. Rad1 h5 20. Ng3 Ng7 21.
Qc4 Ke8 22. Qd3 g4 23. f4 h4 24. f5 Qf6 25. Ne2 Nh5 26. f3 h3+ 27. Kh1 Qg7 28.
Rg1 Nhf6 29. Nc3 Be7 30. Nb5 Nf8 31. Ba4 Kf7 32. Nc7 Kg8 33. fxg4 Rh4 34. Bf2
Rxg4 35. Bb3+ d5 36. Nxd5 Nxd5 37. Rxg4 1-0

[Event "14. Obert Int. Sant Marti 2012"]
[Site "Barcelona ESP"]
[Date "2012.07.13"]
[Round "1.32"]
[White "Lopez Forn, Marc"]
[Black "Saptarshi, Roy"]
[Result "1/2-1/2"]
[WhiteElo "2032"]
[BlackElo "2389"]
[PlyCount "72"]
[EventDate "2012.07.13"]
[EventType "swiss"]
[EventRounds "9"]
[EventCountry "ESP"]
[SourceTitle "Ajedrez en Madrid"]
[Source "lmi"]
[SourceDate "2012.07.13"]
[SourceVersion "1"]
[SourceVersionDate "2019.06.21"]
[SourceQuality "1"]

1. e4 c5 2. d4 cxd4 3. c3 d3 4. Bxd3 d6 5. f4 g6 6. Nf3 Bg7 7. O-O Nc6 8. Na3
Nf6 9. Qe1 O-O 10. Qh4 Nd7 11. Nc4 Nc5 12. Bc2 b5 13. Ne3 e5 14. Qg3 exf4 15.
Qxf4 Ne5 16. Nxe5 dxe5 17. Qf3 Bb7 18. Rd1 Qh4 19. Nd5 f5 20. exf5 e4 21. Qf4
Qh5 22. Be3 Rae8 23. Bxc5 Be5 24. Bb3 Kh8 25. Bd4 Rxf5 26. Bxe5+ Rexe5 27. Qg3
Bxd5 28. Bxd5 Rxd5 29. Rxd5 Rxd5 30. Qb8+ Kg7 31. Qxa7+ Kh6 32. Qe3+ Kg7 33.
Qxe4 Rd1+ 34. Rxd1 Qxd1+ 35. Kf2 Qd2+ 36. Qe2 Qf4+ 1/2-1/2

[Event "14. Obert Int. Sant Marti 2012"]
[Site "Barcelona ESP"]
[Date "2012.07.13"]
[Round "1.33"]
[White "Grafl, Florian"]
[Black "Jaramillo Ochoa, Mateo"]
[Result "1/2-1/2"]
[WhiteElo "2387"]
[BlackElo "2030"]
[PlyCount "118"]
[EventDate "2012.07.13"]
[EventType "swiss"]
[EventRounds "9"]
[EventCountry "ESP"]
[SourceTitle "Ajedrez en Madrid"]
[Source "lmi"]
[SourceDate "2012.07.13"]
[SourceVersion "1"]
[SourceVersionDate "2019.06.21"]
[SourceQuality "1"]

1. g4 e5 2. d3 Nc6 3. h3 h5 4. g5 Nge7 5. e4 Ng6 6. Nc3 Bb4 7. Bd2 Nd4 8. h4 d6
9. a3 Ba5 10. Nce2 Bxd2+ 11. Qxd2 Ne6 12. O-O-O c6 13. d4 Bd7 14. dxe5 dxe5 15.
Ng3 Nef4 16. Qc3 Qc7 17. Bc4 Be6 18. Bxe6 Nxe6 19. N1e2 Ngf4 20. Nxf4 Nxf4 21.
Rd2 O-O 22. Rhd1 Rad8 23. Rxd8 Rxd8 24. Rxd8+ Qxd8 25. Qxe5 Ng6 26. Qc3 Nxh4
27. f4 g6 28. Nf1 Qd7 29. Qg3 Qg4 30. Qxg4 hxg4 31. Kd2 Ng2 32. f5 gxf5 33.
exf5 Nh4 34. Ng3 Nf3+ 35. Ke3 Nxg5 36. Kf4 f6 37. Kxg4 Kf7 38. Kf4 Ke7 39. Nh1
Nf7 40. Nf2 Nd6 41. Nd3 b6 42. a4 Kd7 43. b3 Ke7 44. c4 Nb7 45. Ke3 Na5 46. Nc1
Kd6 47. Kd4 c5+ 48. Ke4 Nc6 49. Ne2 Na5 50. Nc1 Nc6 51. Na2 Na5 52. Nc3 Nxb3
53. Nb5+ Kd7 54. Nxa7 Nd4 55. Nb5 Nxb5 56. axb5 Ke7 57. Kf3 Kd6 58. Kf4 Ke7 59.
Kg4 Kf7 1/2-1/2

[Event "14. Obert Int. Sant Marti 2012"]
[Site "Barcelona ESP"]
[Date "2012.07.13"]
[Round "1.34"]
[White "Diaz-flores Garcia, Pablo"]
[Black "Beltran Rueda, Santiago"]
[Result "0-1"]
[WhiteElo "2018"]
[BlackElo "2383"]
[PlyCount "90"]
[EventDate "2012.07.13"]
[EventType "swiss"]
[EventRounds "9"]
[EventCountry "ESP"]
[SourceTitle "Ajedrez en Madrid"]
[Source "lmi"]
[SourceDate "2012.07.13"]
[SourceVersion "1"]
[SourceVersionDate "2019.06.21"]
[SourceQuality "1"]

1. d4 Nf6 2. Bg5 Ne4 3. Bh4 d5 4. f3 Nf6 5. c4 e6 6. Nc3 Be7 7. e4 Nxe4 8. fxe4
Bxh4+ 9. g3 Bf6 10. Nf3 O-O 11. cxd5 exd5 12. Nxd5 Bg4 13. Bg2 Nc6 14. Nxf6+
Qxf6 15. O-O Bxf3 16. Rxf3 Qxd4+ 17. Kh1 Rad8 18. Qb3 Ne5 19. Rff1 Nd3 20. h3
Nc5 21. Qc2 b6 22. a3 Qd3 23. Rac1 Qxg3 24. b4 Ne6 25. Rf3 Qg5 26. Qc3 Qd2 27.
h4 Qxc3 28. Rcxc3 c5 29. Bh3 Nd4 30. Rfe3 Nb5 31. Rc2 cxb4 32. axb4 Rd4 33. h5
Rxb4 34. e5 Rh4 35. e6 fxe6 36. Kg2 Nd4 37. Rc7 Rxh5 38. Rxa7 Rg5+ 39. Kh1 h5
40. Bxe6+ Nxe6 41. Rxe6 Rf4 42. Re2 Rh4+ 43. Rh2 Rxh2+ 44. Kxh2 Kh7 45. Rb7 Rb5
0-1

[Event "14. Obert Int. Sant Marti 2012"]
[Site "Barcelona ESP"]
[Date "2012.07.13"]
[Round "1.35"]
[White "Pulvett, Daniel"]
[Black "Khairullin, Adel"]
[Result "0-1"]
[WhiteElo "2383"]
[BlackElo "2004"]
[PlyCount "54"]
[EventDate "2012.07.13"]
[EventType "swiss"]
[EventRounds "9"]
[EventCountry "ESP"]
[SourceTitle "Ajedrez en Madrid"]
[Source "lmi"]
[SourceDate "2012.07.13"]
[SourceVersion "1"]
[SourceVersionDate "2019.06.21"]
[SourceQuality "1"]

1. e4 c5 2. Nf3 e6 3. d4 cxd4 4. Nxd4 a6 5. Bd3 Qc7 6. O-O Nf6 7. Qe2 d6 8. c4
Nbd7 9. f4 Be7 10. Nc3 b6 11. Kh1 Bb7 12. Bd2 O-O 13. Rae1 Rfd8 14. Rf3 Nf8 15.
Rh3 Rac8 16. b4 d5 17. cxd5 Bxb4 18. e5 Bxc3 19. exf6 Bxd4 20. Bxh7+ Nxh7 21.
Qh5 Bxf6 22. Bc3 Bxc3 23. Qxh7+ Kf8 24. dxe6 Bxe1 25. e7+ Kxe7 26. Re3+ Kf6 27.
Re5 Qc2 0-1

[Event "14. Obert Int. Sant Marti 2012"]
[Site "Barcelona ESP"]
[Date "2012.07.13"]
[Round "1.36"]
[White "Masferrer Niubo, Enric"]
[Black "Larduet Despaigne, Carlos"]
[Result "1/2-1/2"]
[WhiteElo "2000"]
[BlackElo "2370"]
[PlyCount "66"]
[EventDate "2012.07.13"]
[EventType "swiss"]
[EventRounds "9"]
[EventCountry "ESP"]
[SourceTitle "Ajedrez en Madrid"]
[Source "lmi"]
[SourceDate "2012.07.13"]
[SourceVersion "1"]
[SourceVersionDate "2019.06.21"]
[SourceQuality "1"]

1. e4 c5 2. Nc3 e6 3. g3 Nc6 4. Bg2 g6 5. d3 Bg7 6. Be3 Nd4 7. Nge2 Ne7 8. Qd2
d6 9. Nd1 e5 10. Nxd4 cxd4 11. Bh6 Bxh6 12. Qxh6 Qa5+ 13. c3 dxc3 14. Nxc3 Be6
15. O-O Qb6 16. Rfc1 Rc8 17. Qg7 Kd7 18. Rc2 Rhg8 19. Qf6 Qd8 20. d4 Nc6 21.
Qxd8+ Kxd8 22. dxe5 dxe5 23. Rd2+ Ke7 24. Nd5+ Kf8 25. Rc1 Kg7 26. Bf1 Nd4 27.
Rdd1 Bg4 28. Ne7 Bxd1 29. Rxc8 Nf3+ 30. Kg2 Ne1+ 31. Kg1 Nf3+ 32. Kg2 Ne1+ 33.
Kg1 Nf3+ 1/2-1/2

[Event "14. Obert Int. Sant Marti 2012"]
[Site "Barcelona ESP"]
[Date "2012.07.13"]
[Round "1.37"]
[White "Sanchez Ibern, Marc"]
[Black "Severri Arrese, Carlos"]
[Result "1-0"]
[WhiteElo "2364"]
[BlackElo "1996"]
[PlyCount "59"]
[EventDate "2012.07.13"]
[EventType "swiss"]
[EventRounds "9"]
[EventCountry "ESP"]
[SourceTitle "Ajedrez en Madrid"]
[Source "lmi"]
[SourceDate "2012.07.13"]
[SourceVersion "1"]
[SourceVersionDate "2019.06.21"]
[SourceQuality "1"]

1. e4 e6 2. d4 d5 3. Nd2 dxe4 4. Nxe4 Bd7 5. Bd3 Bc6 6. Nf3 Nd7 7. Qe2 Ngf6 8.
Neg5 Bxf3 9. Qxf3 c6 10. O-O Be7 11. Re1 Qa5 12. c3 Nf8 13. Bd2 h6 14. Qh3 N6h7
15. Nf3 Ng5 16. Bxg5 Bxg5 17. Re5 Qb6 18. Nxg5 hxg5 19. Qxh8 O-O-O 20. b4 Nd7
21. Qxg7 Nxe5 22. Qxe5 Rd5 23. Qh8+ Rd8 24. Qf6 a5 25. a3 Qc7 26. Qxg5 Rd5 27.
Qg8+ Rd8 28. Qg3 Qb6 29. Qg5 f5 30. Qe7 1-0

[Event "14. Obert Int. Sant Marti 2012"]
[Site "Barcelona ESP"]
[Date "2012.07.13"]
[Round "1.38"]
[White "De Azua Arpi, Rafael"]
[Black "Mammadova, Gulnar"]
[Result "0-1"]
[WhiteElo "1952"]
[BlackElo "2341"]
[PlyCount "76"]
[EventDate "2012.07.13"]
[EventType "swiss"]
[EventRounds "9"]
[EventCountry "ESP"]
[SourceTitle "Ajedrez en Madrid"]
[Source "lmi"]
[SourceDate "2012.07.13"]
[SourceVersion "1"]
[SourceVersionDate "2019.06.21"]
[SourceQuality "1"]

1. d4 d5 2. c4 c6 3. Nf3 Nf6 4. Nc3 e6 5. Bg5 dxc4 6. e4 b5 7. e5 h6 8. Bh4 g5
9. Nxg5 hxg5 10. Bxg5 Nbd7 11. exf6 Bb7 12. Be2 Qb6 13. Bf3 O-O-O 14. Qe2 Qxd4
15. Rd1 Qe5 16. Qxe5 Nxe5 17. Rxd8+ Kxd8 18. Be4 Kc7 19. Ke2 b4 20. Na4 Ba6 21.
Bf4 Bd6 22. Kd2 Ng4 23. Bxd6+ Kxd6 24. f3 Nf2 25. Rg1 Nxe4+ 26. fxe4 Bb5 27. b3
Bxa4 28. bxa4 Rxh2 29. Ke3 c3 30. g4 c2 31. g5 Rg2 32. Rc1 c5 33. Kd3 Rxg5 34.
Rxc2 Rg3+ 35. Kc4 Kc6 36. a5 Re3 37. a6 Rxe4+ 38. Kb3 Rf4 0-1

[Event "14. Obert Int. Sant Marti 2012"]
[Site "Barcelona ESP"]
[Date "2012.07.13"]
[Round "1.39"]
[White "Mestre Bellido, Hector"]
[Black "Franch Guiral, Ramon"]
[Result "1-0"]
[WhiteElo "2339"]
[BlackElo "1948"]
[PlyCount "73"]
[EventDate "2012.07.13"]
[EventType "swiss"]
[EventRounds "9"]
[EventCountry "ESP"]
[SourceTitle "Ajedrez en Madrid"]
[Source "lmi"]
[SourceDate "2012.07.13"]
[SourceVersion "1"]
[SourceVersionDate "2019.06.21"]
[SourceQuality "1"]

1. e4 e5 2. Bc4 Be7 3. Nf3 d6 4. d4 exd4 5. Nxd4 Nf6 6. Nc3 O-O 7. O-O Re8 8.
Re1 Bf8 9. Bg5 c6 10. a4 h6 11. Bf4 Nbd7 12. Qd2 Ne5 13. Bb3 Ng6 14. Bg3 Nh5
15. Re3 Qg5 16. Rd1 Nxg3 17. Rxg3 Qxd2 18. Rxd2 Nh8 19. f4 Bd7 20. f5 Rad8 21.
Kf1 a6 22. Rd1 c5 23. Nde2 Bc6 24. Bd5 Be7 25. Rgd3 Rb8 26. Nf4 Kh7 27. Nh5 g6
28. Nf4 Bd7 29. Bxf7 Nxf7 30. fxg6+ Kg7 31. gxf7 Kxf7 32. Kg1 b5 33. axb5 axb5
34. Rf1 Rf8 35. Ncd5 Ke8 36. Nxe7 Kxe7 37. Ng6+ 1-0

[Event "14. Obert Int. Sant Marti 2012"]
[Site "Barcelona ESP"]
[Date "2012.07.13"]
[Round "1.40"]
[White "Fernandez Aguilar, Francisco"]
[Black "Paljusaj, Edmond"]
[Result "1/2-1/2"]
[WhiteElo "1946"]
[BlackElo "2334"]
[PlyCount "62"]
[EventDate "2012.07.13"]
[EventType "swiss"]
[EventRounds "9"]
[EventCountry "ESP"]
[SourceTitle "Ajedrez en Madrid"]
[Source "lmi"]
[SourceDate "2012.07.13"]
[SourceVersion "1"]
[SourceVersionDate "2019.06.21"]
[SourceQuality "1"]

1. e4 c5 2. Nc3 Nc6 3. Bb5 g6 4. Bxc6 dxc6 5. d3 Nf6 6. Be3 Nd7 7. Qd2 e5 8. f4
exf4 9. Bxf4 Bg7 10. Nf3 Qe7 11. O-O h6 12. e5 g5 13. Bg3 O-O 14. Rae1 g4 15.
Nh4 Nxe5 16. Rf5 f6 17. Rfxe5 fxe5 18. Ng6 Qe6 19. Nxf8 Kxf8 20. Qf2+ Kg8 21.
Qxc5 Bd7 22. Ne4 b6 23. Qd6 Qd5 24. Nf6+ Bxf6 25. Qxf6 Qe6 26. Bxe5 Qxf6 27.
Bxf6 Re8 28. Rxe8+ Bxe8 29. Kf2 Kf7 30. Be5 Ke6 31. d4 c5 1/2-1/2

[Event "14. Obert Int. Sant Marti 2012"]
[Site "Barcelona ESP"]
[Date "2012.07.13"]
[Round "1.41"]
[White "Rodriguez, Eric"]
[Black "Ruiz Molina, Gabriel"]
[Result "1-0"]
[WhiteElo "2327"]
[BlackElo "1945"]
[PlyCount "45"]
[EventDate "2012.07.13"]
[EventType "swiss"]
[EventRounds "9"]
[EventCountry "ESP"]
[SourceTitle "Ajedrez en Madrid"]
[Source "lmi"]
[SourceDate "2012.07.13"]
[SourceVersion "1"]
[SourceVersionDate "2019.06.21"]
[SourceQuality "1"]

1. e4 e6 2. Qe2 b6 3. Nf3 g6 4. g3 Bg7 5. Bg2 Ne7 6. h4 Bb7 7. d3 f5 8. h5 fxe4
9. dxe4 Nbc6 10. Nc3 O-O 11. Bd2 Nd4 12. Nxd4 Bxd4 13. f4 Qe8 14. O-O-O Qf7 15.
hxg6 hxg6 16. Qd3 e5 17. fxe5 Bxe5 18. Qxd7 Bc8 19. Qb5 c5 20. Rdf1 Qe6 21.
Rxf8+ Kxf8 22. Bh6+ Bg7 23. Rf1+ 1-0

[Event "14. Obert Int. Sant Marti 2012"]
[Site "Barcelona ESP"]
[Date "2012.07.13"]
[Round "1.42"]
[White "Vilalta Vidal, Javier"]
[Black "Dominguez Pons, Eric"]
[Result "1-0"]
[WhiteElo "1942"]
[BlackElo "2325"]
[PlyCount "141"]
[EventDate "2012.07.13"]
[EventType "swiss"]
[EventRounds "9"]
[EventCountry "ESP"]
[SourceTitle "Ajedrez en Madrid"]
[Source "lmi"]
[SourceDate "2012.07.13"]
[SourceVersion "1"]
[SourceVersionDate "2019.06.21"]
[SourceQuality "1"]

1. e4 c6 2. d4 d5 3. Nd2 dxe4 4. Nxe4 g6 5. c3 Bg7 6. Nf3 Nf6 7. Nxf6+ Bxf6 8.
Bh6 Bg4 9. h3 Bxf3 10. Qxf3 Qd5 11. Qxd5 cxd5 12. Bf4 Nc6 13. Be2 O-O 14. O-O
Rac8 15. Rac1 a6 16. a4 Na5 17. Rc2 Rc6 18. Ra1 Nb3 19. Rd1 Nxd4 20. Rcd2 Nxe2+
21. Rxe2 e6 22. Be5 Bxe5 23. Rxe5 f6 24. Re2 Kf7 25. Rd4 Rfc8 26. Rh4 h5 27.
Rb4 R8c7 28. Re3 e5 29. Rd3 Ke6 30. Kf1 b6 31. Ke2 Rd6 32. g4 hxg4 33. Rxg4 Rg7
34. Rh4 Rd8 35. Rb4 Rd6 36. Rh4 e4 37. Rd4 Ke5 38. Ke3 f5 39. f4+ exf3 40. Kxf3
Rd8 41. Rb4 Rb7 42. Rbd4 b5 43. Rd2 Rc7 44. axb5 axb5 45. Rb4 Rc5 46. Rh4 Rc4
47. Rhd4 g5 48. Kg3 Rxd4 49. Rxd4 Kd6 50. Rb4 Kc5 51. Rd4 Re8 52. h4 gxh4+ 53.
Rxh4 Re2 54. b4+ Kd6 55. Kf3 Re4 56. Rh6+ Ke5 57. Rb6 Rc4 58. Rxb5 Rxc3+ 59.
Ke2 Kd4 60. Rb8 Rb3 61. b5 Rb2+ 62. Kf3 Kc5 63. Rf8 Rxb5 64. Rxf5 Rb2 65. Ke3
Kc4 66. Rf4+ Kc5 67. Kd3 Rb3+ 68. Kc2 Rh3 69. Rg4 Rh6 70. Kc3 Ra6 71. Kd3 1-0

[Event "14. Obert Int. Sant Marti 2012"]
[Site "Barcelona ESP"]
[Date "2012.07.13"]
[Round "1.43"]
[White "Konguvel, Ponnuswamy"]
[Black "Cardenas, Fernando Adrian"]
[Result "1-0"]
[WhiteElo "2319"]
[BlackElo "1916"]
[PlyCount "65"]
[EventDate "2012.07.13"]
[EventType "swiss"]
[EventRounds "9"]
[EventCountry "ESP"]
[SourceTitle "Ajedrez en Madrid"]
[Source "lmi"]
[SourceDate "2012.07.13"]
[SourceVersion "1"]
[SourceVersionDate "2019.06.21"]
[SourceQuality "1"]

1. e4 c5 2. Nf3 d6 3. d4 cxd4 4. Nxd4 Nf6 5. Nc3 a6 6. Bc4 e6 7. Bb3 Nbd7 8.
Bg5 Nc5 9. f4 h6 10. Bxf6 Qxf6 11. O-O Nxb3 12. axb3 Be7 13. Ndb5 O-O 14. Nxd6
Bxd6 15. Qxd6 Rd8 16. Qb6 Rd2 17. Rf2 Rxf2 18. Qxf2 Bd7 19. Rd1 Bc6 20. e5 Qf5
21. Rd2 g5 22. Ne2 gxf4 23. Qxf4 Qxf4 24. Nxf4 a5 25. Nh5 Kh7 26. g4 a4 27. b4
a3 28. bxa3 Rxa3 29. Rd8 f5 30. exf6 Kg6 31. Rg8+ Kf7 32. Rg7+ Kf8 33. Nf4 1-0